1544 1512 1776 1223 1794 1467 1361 1728 1442 1466 1476 1145 1537 1228 1417 1435 1641 1901 1267 1572 1497 1810 1034 1494 1094 1031 1278 1963 1216 1034 1757 1595 1415 1814 1621 1744 1424 1975 1090 1936 1430 1755 1144 1524 1910 1995 1026 1063 1084 1125 1262 1823 1421 1146 1266 1696 1048 1405 1169 1554 1488 1745 1137 1958 1686 1928 1952 1636 1547 1884 1864 1510 1031 1105 1845 1279 1208 1848 1833 1568 1888 1468 1245 1211 1886 1607 1676 1661 1032 1908 1426 1210 1211 1982 1864 1564 1045 1591 1135 BCNSPRNW ULIB Ver.6.0+V

เปลี่ยนเป็นภาษาไทย

Change to English
 แสดงรายละเอียดบรรณานุกรม
  กลับหน้าหลัก

Brief Record : Get Marc (ISO 2709) : E-mail record : QR code < ปิดหน้าต่าง
LEADER : 00000nam 2200000uu 4500
001    13399113326
003     ULIB
008    110627s2553||||th 000 0 tha d
020    9789740435303
090    นว.^bณ429พ 2553
100 0  ณารา
245 00 เพลงรักเพลิงมายา/^cณารา
250    พิมพ์ครั้งที่ 7
260    กรุงเทพฯ :^bพิมพ์คำ,^c2553
300    422 หน้า
710 1  พิมพ์คำ
945    ^p250^l0^i028056
995    ทศพร
999 ^a ใช้งานได้ทุกระบบ
รายการนี้ยังไม่มีแท็ก
คุณยังไม่ได้ล็อกอิน คุณสามารถมีกิจกรรมร่วมกับเว็บไซต์ได้ แต่ต้องล็อกอินก่อน ::
  ล็อกอิน

รายการสื่อสารสนเทศ

ลำดับที่ ประเภท เลขเรียก/บาร์โค้ด สถานที่ สถานะ
- ไม่พบข้อมูล -

รายการใกล้เคียง
    ผู้แต่ง [ณารา]

BibComment


ยังไม่เคยถูกคอมเมนท์

คอมเมนท์ทรัพยากรรายการนี้
  คอมเมนท์: เพลงรักเพลิงมายา ..


 Copyright 2026. Bcnsprnw @Library